| 000 | 00839cam a2200265 i 4500 | ||
|---|---|---|---|
| 999 |
_c200443125 _d61337 |
||
| 003 | TR-AnTOB | ||
| 005 | 20230601122255.0 | ||
| 007 | ta | ||
| 008 | 210820s1983 tu a 000 0 tur d | ||
| 040 |
_aTR-AnTOB _beng _cTR-AnTOB _erda _dTR-AnTOB |
||
| 041 | 0 | _atur | |
| 050 | 1 | 4 |
_bKKX1472 _a.Y39 1983 |
| 090 |
_aTOBBK KKX1472 _b.Y39 1983 |
||
| 100 |
_aYazıcı, Mustafa _eeditor _966760 |
||
| 245 | 1 | 0 |
_aBağ-Kur kanunu ile esnaf ve sanatkarlar _cMustafa Yazıcı, |
| 264 | 1 |
_aAnkara : _bEser Matbaası, _c1983. |
|
| 300 |
_a250 pages : _billustrations ; _c24 cm |
||
| 336 |
_atext _btxt _2rdacontent |
||
| 337 |
_2rdamedia _aunmediated _bn |
||
| 338 |
_avolume _bnc _2rdacarrier |
||
| 650 | 0 |
_aSosyal güvenlik _xHukuk ve mevzuat _zTürkiye _9103531 |
|
| 942 |
_2z _cBK |
||